| 000 | 00589nam a22001937a 4500 | ||
|---|---|---|---|
| 005 | 20251108164702.0 | ||
| 008 | 250721s1985 xx 000 0 ara d | ||
| 082 | 1 | 4 | _a812.0962/فؤا |
| 100 | 1 | _aدواره، فؤاد | |
| 245 | 1 | 0 | _aمسرح توفيق الحكيم / |
| 264 | 1 |
_aالقاهرة : _bالهيئة المصرية العامة للكتاب، _c1985. |
|
| 300 | _a298ص | ||
| 500 | _aالمسرحيات المجهولة | ||
| 650 | 1 | 7 | _aالمسرحيات العربية |
| 650 | 1 | 7 | _aالنقد الأدبي |
| 650 | 1 | 7 | _aمصر |
| 942 |
_2ddc _cBK |
||
| 999 |
_c11818 _d11818 |
||